A modern approach to non-verbal reasoning / (Record no. 153407)

MARC details
000 -LEADER
fixed length control field 00636nam a22002057a 4500
005 - DATE AND TIME OF LATEST TRANSACTION
control field 20180705103544.0
010 ## - LCCN (DPL NO)
LC control number ENG-123383
020 ## - INTERNATIONAL STANDARD BOOK NUMBER
Terms of availability 455.00
International Standard Book Number 9789352832187
035 ## - SYSTEM CONTROL NUMBER
System control number EN-106915
037 ## - SOURCE OF ACQUISITION
Source of stock number/acquisition DBAD/PUB
082 ## - DEWEY DECIMAL CLASSIFICATION NUMBER
Classification number 000
100 ## - MAIN ENTRY--PERSONAL NAME
Personal name Aggarwal, R.S.
245 00 - TITLE STATEMENT
Title A modern approach to non-verbal reasoning /
Statement of responsibility, etc by R.S. Aggarwal,
250 ## - EDITION STATEMENT
Edition statement Revised Edn.
260 ## - PUBLICATION, DISTRIBUTION, ETC. (IMPRINT)
Place of publication, distribution, etc New Delhi
Name of publisher, distributor, etc S. Chand and Company
Date of publication, distribution, etc 2018
270 ## - ADDRESS
Address 7361, Ram Nagar,
City New Delhi
Postal code 110055
300 ## - PHYSICAL DESCRIPTION
Extent various paging.
Dimensions 27cm(pbk)
Other physical details ill.
500 ## - GENERAL NOTE
General note It includes Additional questions with answers
942 ## - ADDED ENTRY ELEMENTS (KOHA)
Source of classification or shelving scheme Dewey Decimal Classification
Item type English Books
Call number suffix AGG
Classification part 000
Holdings
Withdrawn status Lost status Not for loan Collection code Home library Current library Date acquired Source of acquisition Cost, normal purchase price Full call number Barcode Copy number Cost, replacement price Koha item type
    Not For Loan Non-fiction D.B.Act.Division Central Library 05/07/2018 DBAD/PUB 455.00 000 AGG EN-106915 1 455.00 English Books

© Delhi Public Library
Hit Counter
free hit counter